[Event "5. Torneo IRT Móstoles 2012"]
[Site "Madrid ESP"]
[Date "2012.07.23"]
[Round "5.8"]
[White "Panero Cabrero, Gregorio"]
[Black "Cabañas Bravo, Juan Andres"]
[Result "0-1"]
[WhiteElo "1895"]
[BlackElo "2061"]
[PlyCount "76"]
[EventDate "2012.07.19"]
[EventType "swiss"]
[EventRounds "9"]
[EventCountry "ESP"]
[Source "lmi"]
[SourceDate "2012.07.19"]

1. f4 e5 2. fxe5 d6 3. Nf3 dxe5 4. Nxe5 Bd6 5. Nf3 g5 6. g3 g4 7. Nd4 h5 8. Nb5
h4 9. Nxd6+ Qxd6 10. Rg1 hxg3 11. hxg3 Rh1 12. Rg2 Bf5 13. d3 Na6 14. Nc3 O-O-O
15. Qd2 Ne7 16. Qf4 Qc6 17. e4 Nb4 18. Be3 Rxd3 19. Kf2 Rxc3 20. bxc3 Qxc3 21.
Rc1 Be6 22. Bd2 Qb2 23. Bxb4 Qxb4 24. Bd3 Qd4+ 25. Ke2 Ng6 26. Qd2 Rh3 27. Rcg1
Ne5 28. Qe3 Qa4 29. Qc1 Nf3 30. Rh1 Qxa2 31. Qa1 Rxh1 32. Qxh1 Qb2 33. Qd1 c5
34. Kf1 Qf6 35. Rf2 Qh8 36. c4 Qh3+ 37. Ke2 Qxg3 38. Qf1 Ne5 0-1

[Event "5. Torneo IRT Móstoles 2012"]
[Site "Madrid ESP"]
[Date "2012.07.23"]
[Round "5.9"]
[White "Lopez Heras, Arturo"]
[Black "Esteve Sanchez, Sergio"]
[Result "1-0"]
[WhiteElo "1926"]
[BlackElo "2053"]
[PlyCount "65"]
[EventDate "2012.07.19"]
[EventType "swiss"]
[EventRounds "9"]
[EventCountry "ESP"]
[Source "lmi"]
[SourceDate "2012.07.19"]

1. e4 c5 2. Nf3 d6 3. d4 cxd4 4. Nxd4 Nf6 5. Nc3 a6 6. f4 e6 7. Be3 Nbd7 8. Be2
Qc7 9. O-O Be7 10. f5 e5 11. Nb3 b5 12. Bf3 Bb7 13. g4 b4 14. Nd5 Nxd5 15. exd5
Nb6 16. Na5 Nc4 17. Nxc4 Qxc4 18. b3 Qc3 19. Qe2 Rc8 20. Be4 h6 21. a3 Bg5 22.
Bf2 Qd2 23. Qxd2 Bxd2 24. axb4 Bxb4 25. c4 h5 26. g5 h4 27. Bf3 Bd2 28. g6 fxg6
29. fxg6 Rh6 30. Be4 Rh5 31. Kh1 Bf4 32. Bg1 Kd7 33. Bf3 1-0

[Event "5. Torneo IRT Móstoles 2012"]
[Site "Madrid ESP"]
[Date "2012.07.23"]
[Round "5.10"]
[White "Fernandez Blazquez, Diego"]
[Black "Perez Cameselle, Francisco"]
[Result "1-0"]
[WhiteElo "2190"]
[BlackElo "1900"]
[PlyCount "105"]
[EventDate "2012.07.19"]
[EventType "swiss"]
[EventRounds "9"]
[EventCountry "ESP"]
[Source "lmi"]
[SourceDate "2012.07.19"]

1. c4 Nf6 2. Nc3 g6 3. d4 d6 4. e4 Bg7 5. h3 O-O 6. Be3 e5 7. d5 a5 8. g4 c6 9.
Nge2 cxd5 10. cxd5 Nbd7 11. Ng3 Nc5 12. Be2 Bd7 13. h4 Qe7 14. h5 Rac8 15. f3
Ne8 16. Rg1 Bf6 17. Qd2 Bh4 18. Kd1 Bxg3 19. Rxg3 f6 20. Rc1 Qd8 21. Kc2 Na4
22. Kb1 Nxc3+ 23. Rxc3 Rxc3 24. Qxc3 b5 25. hxg6 hxg6 26. Rh3 Rf7 27. Qe1 Rh7
28. Rxh7 Kxh7 29. Qh4+ Kg8 30. g5 Qe7 31. gxf6 Qxf6 32. Bg5 Qh8 33. Qxh8+ Kxh8
34. Bd2 b4 35. a3 bxa3 36. bxa3 a4 37. Ba5 Kg7 38. Kb2 Kf7 39. Bd8 Nf6 40. Kc3
Nh5 41. Kb4 Nf4 42. Bb5 Bh3 43. Bxa4 Bg2 44. Bd1 Nd3+ 45. Kc3 Ne1 46. Kd2 Nxf3+
47. Ke3 Nd4 48. Bb6 Nb5 49. a4 Nc3 50. Bc2 Ke7 51. Ba5 Na2 52. Bd2 Bf1 53. Bb3
1-0

[Event "5. Torneo IRT Móstoles 2012"]
[Site "Madrid ESP"]
[Date "2012.07.23"]
[Round "5.11"]
[White "Ramos Aldoradin, John Paul"]
[Black "Gomez Ferrer, Jesus"]
[Result "0-1"]
[WhiteElo "2176"]
[BlackElo "1942"]
[PlyCount "124"]
[EventDate "2012.07.19"]
[EventType "swiss"]
[EventRounds "9"]
[EventCountry "ESP"]
[Source "lmi"]
[SourceDate "2012.07.19"]

1. e4 e5 2. Nf3 Nf6 3. Nxe5 d6 4. Nf3 Nxe4 5. Nc3 Nxc3 6. dxc3 Be7 7. Bf4 O-O
8. Qd2 Be6 9. Be2 Nd7 10. Nd4 Nb6 11. Nxe6 fxe6 12. O-O c6 13. c4 Na4 14. Rab1
e5 15. Bg3 Nc5 16. Bf3 Bg5 17. Qe2 Ne6 18. c3 Bf4 19. Rbd1 Bxg3 20. hxg3 Qe7
21. Rfe1 Rf6 22. Bg4 Re8 23. Qd2 Nd8 24. Qe3 a6 25. Rd2 Nf7 26. Qb6 Rh6 27. Bd1
Qg5 28. Rc2 Qe7 29. a4 Qd7 30. Rd2 Ng5 31. Qe3 Nf7 32. b4 Qe6 33. Qe2 Rf8 34.
Qg4 Qe8 35. Qe4 Ng5 36. Qe3 Nf7 37. a5 Qe6 38. Qe4 Ng5 39. Qg4 Qe7 40. Qe2 Qd7
41. Qxe5 Re6 42. Qxe6+ Nxe6 43. Bg4 Rf6 44. Rde2 Kf7 45. Bxe6+ Rxe6 46. Rxe6
Qxe6 47. Rxe6 Kxe6 48. Kf1 d5 49. f4 dxc4 50. Kf2 Kd5 51. g4 h6 52. Ke3 c5 53.
bxc5 Kxc5 54. Ke4 b5 55. axb6 Kxb6 56. Kf5 a5 57. Kg6 a4 58. Kxg7 a3 59. f5 a2
60. f6 a1=Q 61. f7 Qxc3+ 62. Kh7 Qf6 0-1

[Event "5. Torneo IRT Móstoles 2012"]
[Site "Madrid ESP"]
[Date "2012.07.23"]
[Round "5.12"]
[White "Camarero Izquierdo, Juan Carlos"]
[Black "Aguado Solana, Juan"]
[Result "1/2-1/2"]
[WhiteElo "1890"]
[BlackElo "2094"]
[PlyCount "148"]
[EventDate "2012.07.19"]
[EventType "swiss"]
[EventRounds "9"]
[EventCountry "ESP"]
[Source "lmi"]
[SourceDate "2012.07.19"]

1. d4 e6 2. Nc3 g6 3. e4 d6 4. Be3 Bg7 5. Qd2 h6 6. O-O-O Ne7 7. f4 Nd7 8. Nf3
b6 9. Bb5 Bb7 10. h4 c6 11. Bd3 Nf6 12. e5 Nfd5 13. g4 dxe5 14. dxe5 Nxc3 15.
Qxc3 Nd5 16. Qe1 Qc7 17. Be4 O-O-O 18. Bxd5 Rxd5 19. Rxd5 cxd5 20. Nd4 Kb8 21.
Kb1 Ka8 22. Rh3 Ba6 23. Bg1 Rc8 24. Rc3 Qd7 25. Ra3 Kb7 26. Rc3 Bf8 27. Rxc8
Qxc8 28. h5 gxh5 29. gxh5 Qc4 30. f5 exf5 31. Nxf5 Qg4 32. Nd6+ Bxd6 33. exd6
Qe4 34. Qf2 Kc6 35. b3 Kxd6 36. Bh2+ Ke7 37. Bb8 d4 38. Bxa7 Qb7 39. Qh4+ f6
40. Qxd4 Qxa7 41. Qe3+ Kd8 42. Qxh6 Qe7 43. Qg6 Bc8 44. h6 Qe1+ 45. Kb2 Qe5+
46. Kb1 Bf5 47. Qg8+ Qe8 48. h7 Bxh7 49. Qxh7 Qe1+ 50. Kb2 Qe5+ 51. c3 f5 52.
Qb7 Qe3 53. Qd5+ Kc7 54. Qxf5 Qe2+ 55. Qc2 Qe5 56. a4 Kc6 57. Qd3 Qh8 58. Qc4+
Kb7 59. b4 Qh2+ 60. Kb3 Qh1 61. Qf7+ Kb8 62. Qe8+ Kb7 63. Qd7+ Kb8 64. Qd3 Kb7
65. a5 bxa5 66. Qb5+ Kc8 67. Qxa5 Qb1+ 68. Kc4 Qe4+ 69. Kc5 Qe5+ 70. Kb6 Qd6+
71. Kb5 Qd5+ 72. Kb6 Qd6+ 73. Kb5 Qd5+ 74. Ka4 Qa2+ 1/2-1/2

[Event "5. Torneo IRT Móstoles 2012"]
[Site "Madrid ESP"]
[Date "2012.07.23"]
[Round "5.13"]
[White "Martin-Consuegra Barrilero, Francisco Javier"]
[Black "Ramos Del Campo, Alexander"]
[Result "0-1"]
[WhiteElo "1880"]
[BlackElo "2078"]
[PlyCount "98"]
[EventDate "2012.07.19"]
[EventType "swiss"]
[EventRounds "9"]
[EventCountry "ESP"]
[Source "lmi"]
[SourceDate "2012.07.19"]

1. d4 Nf6 2. Bf4 e6 3. e3 c5 4. c3 Be7 5. Nd2 b6 6. Be2 Bb7 7. Bf3 d5 8. a4 O-O
9. Qb1 cxd4 10. exd4 Re8 11. Ne2 Nbd7 12. O-O Nf8 13. Bg3 Ba6 14. Re1 Rc8 15.
Nf4 Bd6 16. Nd3 Bxg3 17. hxg3 Re7 18. Ne5 Ne8 19. Be2 Bxe2 20. Rxe2 Nd6 21. Qd3
f6 22. Nef3 Qe8 23. b3 Rec7 24. Rc1 Qg6 25. Qxg6 hxg6 26. Nb1 a6 27. Rec2 b5
28. axb5 axb5 29. Nbd2 Nd7 30. Ne1 Kf7 31. f3 Nb6 32. Nd3 Nf5 33. Nc5 b4 34.
Kf2 bxc3 35. Rxc3 Nxd4 36. b4 Nb5 37. R3c2 Ra7 38. Nd3 Rxc2 39. Rxc2 Nd4 40.
Rb2 Ke7 41. Nc5 Kd6 42. g4 g5 43. Ncb3 Nxb3 44. Nxb3 Nc4 45. Rb1 Ra2+ 46. Kg3
Ne3 47. Nd4 Nxg2 48. b5 Nf4 49. Rg1 Rd2 0-1

[Event "5. Torneo IRT Móstoles 2012"]
[Site "Madrid ESP"]
[Date "2012.07.23"]
[Round "5.14"]
[White "Sotoca Aguado, Jose"]
[Black "Aguado Rodriguez, Guillermo"]
[Result "1-0"]
[WhiteElo "1992"]
[BlackElo "1861"]
[PlyCount "51"]
[EventDate "2012.07.19"]
[EventType "swiss"]
[EventRounds "9"]
[EventCountry "ESP"]
[Source "lmi"]
[SourceDate "2012.07.19"]

1. e4 e5 2. Nf3 Nc6 3. Bb5 Nf6 4. O-O Nxe4 5. Re1 Nd6 6. Bxc6 dxc6 7. Nxe5 Be7
8. d4 O-O 9. Bf4 Be6 10. Nd2 Bf6 11. c3 g5 12. Bg3 Nf5 13. Ne4 Nxg3 14. Nxg3 c5
15. dxc5 Qe7 16. Qf3 c6 17. Ng4 Bxg4 18. Qxg4 Qxc5 19. Ne4 Qe5 20. h4 Bg7 21.
Nxg5 Qb5 22. Qe4 f5 23. Qe6+ Kh8 24. Nf7+ Rxf7 25. Qxf7 Qxb2 26. Re8+ 1-0

[Event "5. Torneo IRT Móstoles 2012"]
[Site "Madrid ESP"]
[Date "2012.07.23"]
[Round "5.15"]
[White "Lozano Sanchez, Jose Antonio"]
[Black "Cortes Jurado, Rafael"]
[Result "1/2-1/2"]
[WhiteElo "1863"]
[BlackElo "2106"]
[PlyCount "85"]
[EventDate "2012.07.19"]
[EventType "swiss"]
[EventRounds "9"]
[EventCountry "ESP"]
[Source "lmi"]
[SourceDate "2012.07.19"]

1. e4 c5 2. Nf3 e6 3. Nc3 Nc6 4. a4 Nf6 5. Bc4 Be7 6. d3 d5 7. exd5 exd5 8. Ba2
O-O 9. h3 Be6 10. O-O Qd7 11. Bf4 d4 12. Ne2 Bxa2 13. Rxa2 Nd5 14. Bg3 Bd6 15.
Ra1 Rfe8 16. Qd2 Re7 17. Bxd6 Qxd6 18. Ng3 Ne3 19. fxe3 Qxg3 20. exd4 Rae8 21.
Qf2 Qxf2+ 22. Rxf2 Nxd4 23. Nxd4 cxd4 24. Kf1 g6 25. Rf4 Rc8 26. Rc1 Rec7 27.
Rf2 Rc5 28. Ke1 Ra5 29. b3 Rac5 30. Kd2 f5 31. Rf4 Rd5 32. Rcf1 Kg7 33. R1f2
Kf6 34. g4 Kg5 35. h4+ Kxh4 36. gxf5+ Kg5 37. fxg6 hxg6 38. Rf7 Rdc5 39. Kd1
R5c7 40. Rg2+ Kh6 41. Rh2+ Kg5 42. Rg2+ Kh6 43. Rh2+ 1/2-1/2

[Event "5. Torneo IRT Móstoles 2012"]
[Site "Madrid ESP"]
[Date "2012.07.24"]
[Round "6.1"]
[White "Vega Gomez, Francisco Borja"]
[Black "Almagro Llamas, Pablo"]
[Result "0-1"]
[WhiteElo "2225"]
[BlackElo "2465"]
[PlyCount "72"]
[EventDate "2012.07.19"]
[EventType "swiss"]
[EventRounds "9"]
[EventCountry "ESP"]
[Source "lmi"]
[SourceDate "2012.07.19"]

1. Nf3 d5 2. c4 c6 3. e3 Nf6 4. Nc3 e6 5. Be2 Bd6 6. O-O Nbd7 7. d3 O-O 8. b3
Qe7 9. Bb2 a6 10. Rc1 e5 11. cxd5 cxd5 12. Qc2 b5 13. Rfd1 Bb7 14. Bf1 Rac8 15.
Qe2 Rfd8 16. Nh4 g6 17. g3 Qe6 18. Nf3 h6 19. Bg2 e4 20. Nd4 Qe7 21. Bh3 Rc7
22. Nb1 Rxc1 23. Rxc1 Ne5 24. dxe4 dxe4 25. Bc3 Nf3+ 26. Nxf3 exf3 27. Qb2 Ne4
28. Bd4 Ng5 29. Bf1 Qe6 30. Nc3 Nh3+ 31. Kh1 Ba3 32. Qxa3 Nxf2+ 33. Kg1 Ng4 34.
Nd1 Rxd4 35. exd4 Qe3+ 36. Kh1 f2+ 0-1

[Event "5. Torneo IRT Móstoles 2012"]
[Site "Madrid ESP"]
[Date "2012.07.24"]
[Round "6.2"]
[White "Arbunic Castro, Giovanna"]
[Black "Renteria, Jorge"]
[Result "0-1"]
[WhiteElo "2098"]
[BlackElo "2326"]
[PlyCount "66"]
[EventDate "2012.07.19"]
[EventType "swiss"]
[EventRounds "9"]
[EventCountry "ESP"]
[Source "lmi"]
[SourceDate "2012.07.19"]

1. d4 Nf6 2. c4 g6 3. Nc3 Bg7 4. e4 d6 5. Nf3 O-O 6. Be2 e5 7. dxe5 dxe5 8.
Qxd8 Rxd8 9. Bg5 Re8 10. O-O-O h6 11. Bh4 Bg4 12. Nd5 Nxd5 13. cxd5 c6 14. h3
Bd7 15. Bc4 b5 16. dxc6 Bxc6 17. Bd5 Bxd5 18. Rxd5 a6 19. Bg3 Nc6 20. Kb1 Nb4
21. Rd6 a5 22. a3 Na6 23. Rd5 b4 24. a4 Nc7 25. Rd7 Ne6 26. Rc1 Nd4 27. Nxd4
exd4 28. Rcc7 Rxe4 29. Rxf7 Bh8 30. Rfe7 Re8 31. Rxe8+ Rxe8 32. Rc2 b3 33. Rc1
d3 0-1

[Event "5. Torneo IRT Móstoles 2012"]
[Site "Madrid ESP"]
[Date "2012.07.24"]
[Round "6.3"]
[White "De la Fuente Gonzalez, Francisco"]
[Black "Lopez Heras, Arturo"]
[Result "1-0"]
[WhiteElo "2184"]
[BlackElo "1926"]
[PlyCount "89"]
[EventDate "2012.07.19"]
[EventType "swiss"]
[EventRounds "9"]
[EventCountry "ESP"]
[Source "lmi"]
[SourceDate "2012.07.19"]

1. Nf3 c5 2. c4 Nc6 3. Nc3 g6 4. e3 d6 5. d4 Bg7 6. d5 Nb8 7. e4 Nd7 8. Be2
Ngf6 9. O-O O-O 10. Bf4 Nh5 11. Be3 Nb6 12. Nd2 Nf6 13. f4 Nfd7 14. Nf3 Nf6 15.
h3 Nh5 16. Kh2 e5 17. fxe5 dxe5 18. Bxc5 Re8 19. Be3 Nf4 20. c5 Nd7 21. Qd2 Qa5
22. a3 Nxe2 23. Qxe2 Nf6 24. b4 Qd8 25. d6 Bd7 26. Bg5 a6 27. Qe3 Bc6 28. Rad1
Qd7 29. Bxf6 Bxf6 30. Nd5 Bxd5 31. Rxd5 a5 32. Nd2 Bg7 33. Nc4 Qb5 34. Qc3 axb4
35. axb4 Bh6 36. d7 Red8 37. Rfd1 Bf4+ 38. Kg1 Ra2 39. Rd6 h5 40. Qb3 Qa4 41.
Qxa4 Rxa4 42. Rb6 Ra7 43. Kf1 Bg3 44. Na5 Bh4 45. Rxb7 1-0

[Event "5. Torneo IRT Móstoles 2012"]
[Site "Madrid ESP"]
[Date "2012.07.24"]
[Round "6.4"]
[White "Cabañas Bravo, Juan Andres"]
[Black "Cabañas Jimenez, Manuel"]
[Result "0-1"]
[WhiteElo "2061"]
[BlackElo "2108"]
[PlyCount "78"]
[EventDate "2012.07.19"]
[EventType "swiss"]
[EventRounds "9"]
[EventCountry "ESP"]
[Source "lmi"]
[SourceDate "2012.07.19"]

1. d4 d5 2. c4 c6 3. Nf3 Nf6 4. g3 Bf5 5. Nc3 e6 6. Bg2 dxc4 7. O-O Nbd7 8. Re1
Bb4 9. h3 Qa5 10. Bd2 Ne4 11. Nxe4 Bxe4 12. Bxb4 Qxb4 13. Qd2 Qxd2 14. Nxd2
Bxg2 15. Kxg2 b5 16. Ne4 Ke7 17. a4 a5 18. Nc3 b4 19. Nd1 Nb6 20. Ne3 Rhd8 21.
Red1 Rac8 22. Kf3 c5 23. dxc5 Rxd1 24. Nxd1 Rxc5 25. e4 c3 26. bxc3 bxc3 27.
Ne3 Nc4 28. Nc2 Nb2 29. Ke3 Rc4 30. e5 Rxa4 31. h4 f6 32. f4 fxe5 33. fxe5 Rxa1
34. Nxa1 Kf7 35. Kd4 Nd1 36. Nb3 a4 37. Nc1 Kg6 38. g4 h5 39. g5 Kf5 0-1

[Event "5. Torneo IRT Móstoles 2012"]
[Site "Madrid ESP"]
[Date "2012.07.24"]
[Round "6.5"]
[White "Fuentes Arjona, Antonio"]
[Black "Fernandez Blazquez, Diego"]
[Result "1-0"]
[WhiteElo "1999"]
[BlackElo "2190"]
[PlyCount "101"]
[EventDate "2012.07.19"]
[EventType "swiss"]
[EventRounds "9"]
[EventCountry "ESP"]
[Source "lmi"]
[SourceDate "2012.07.19"]

1. e4 c5 2. Nf3 d6 3. d4 cxd4 4. Nxd4 Nf6 5. Nc3 a6 6. f3 e5 7. Nb3 Be6 8. Be3
h5 9. Qd2 Nbd7 10. O-O-O Rc8 11. Kb1 Be7 12. h4 Qc7 13. Nd5 Bxd5 14. exd5 Nb6
15. c4 O-O 16. Rc1 Na4 17. Bd3 b6 18. Bf5 Rb8 19. f4 exf4 20. Bxf4 Nd7 21. Qe2
Nf6 22. Rhe1 Rfe8 23. Qc2 Bf8 24. Bg5 Ng4 25. Nd4 Nc5 26. Bxg4 hxg4 27. Nf5 Nd7
28. h5 Rxe1 29. Rxe1 Ne5 30. Rc1 Qd7 31. h6 gxh6 32. Bf6 Ng6 33. Rh1 Re8 34. a3
Kh7 35. g3 Re2 36. Qd3 Qe8 37. Ne7 Rxe7 38. Bxe7 Qxe7 39. Qf5 Bg7 40. Qxg4 Qe5
41. Rh2 f5 42. Qf3 Qe4+ 43. Qxe4 fxe4 44. Re2 Be5 45. g4 Nf4 46. Rxe4 Kg6 47.
b4 Kg5 48. Kc2 Kxg4 49. c5 bxc5 50. bxc5 Kf5 51. Rxf4+ 1-0

[Event "5. Torneo IRT Móstoles 2012"]
[Site "Madrid ESP"]
[Date "2012.07.24"]
[Round "6.6"]
[White "Rodriguez De Castro, Ayar"]
[Black "Gal, Eugen"]
[Result "1/2-1/2"]
[WhiteElo "2167"]
[BlackElo "2030"]
[PlyCount "105"]
[EventDate "2012.07.19"]
[EventType "swiss"]
[EventRounds "9"]
[EventCountry "ESP"]
[Source "lmi"]
[SourceDate "2012.07.19"]

1. d4 Nf6 2. c4 e6 3. g3 d5 4. Nf3 b6 5. Bg2 Bb7 6. O-O Be7 7. Bf4 O-O 8. Nbd2
Nbd7 9. Rc1 c5 10. Qa4 cxd4 11. cxd5 Nxd5 12. Rfd1 d3 13. exd3 Nc5 14. Qd4 Nxf4
15. Qxf4 Nxd3 16. Qc7 Nxc1 17. Qxb7 Ne2+ 18. Kh1 Bf6 19. Qe4 Nd4 20. Nb3 e5 21.
Nfxd4 exd4 22. Qxa8 Qxa8 23. Bxa8 Rxa8 24. Nc1 Rc8 25. Nd3 Rc2 26. Rc1 Rxc1+
27. Nxc1 Kf8 28. Kg2 Ke7 29. Kf3 Kd6 30. Ke4 g6 31. Kd3 Kd5 32. Ne2 Be5 33. Nc1
a5 34. Ne2 h5 35. h4 Bg7 36. Nf4+ Kc5 37. Ne2 Kd5 38. Nf4+ Kc5 39. Ne2 Be5 40.
Nc1 Kd5 41. Ne2 b5 42. Nc1 Bd6 43. Nb3 f6 44. Nxa5 g5 45. Nb3 gxh4 46. gxh4 Be5
47. Nd2 f5 48. Nf3 Bf6 49. a3 Be7 50. b3 Bxa3 51. Nxd4 Bc5 52. Nxf5 Bxf2 53.
Ng7 1/2-1/2

[Event "5. Torneo IRT Móstoles 2012"]
[Site "Madrid ESP"]
[Date "2012.07.24"]
[Round "6.7"]
[White "Garcia Diaz, Victor"]
[Black "Lopez de Turiso, Jose Angel"]
[Result "1-0"]
[WhiteElo "2162"]
[BlackElo "2044"]
[PlyCount "61"]
[EventDate "2012.07.19"]
[EventType "swiss"]
[EventRounds "9"]
[EventCountry "ESP"]
[Source "lmi"]
[SourceDate "2012.07.19"]

1. d4 f5 2. e4 fxe4 3. Nc3 Nf6 4. Bg5 Nc6 5. d5 Ne5 6. Qe2 c6 7. O-O-O d6 8.
Bxf6 gxf6 9. Qxe4 Bh6+ 10. Kb1 Bd7 11. Qh4 Bg5 12. Qh5+ Kf8 13. h3 Bf5 14. g3
Bg6 15. Qe2 Bh6 16. f4 Nd7 17. Bg2 c5 18. Rf1 f5 19. h4 Nf6 20. Bf3 a6 21. Nh3
Qe8 22. Ng5 Bxg5 23. fxg5 Nh5 24. Bxh5 Bxh5 25. Rxf5+ Kg7 26. g4 Bg6 27. Rf3
Rf8 28. Re3 Kh8 29. h5 Bf7 30. g6 Bg8 31. Rxe7 1-0

[Event "5. Torneo IRT Móstoles 2012"]
[Site "Madrid ESP"]
[Date "2012.07.24"]
[Round "6.10"]
[White "Aguado Solana, Juan"]
[Black "Garcia-Ruiz Fuentes, Angel M"]
[Result "0-1"]
[WhiteElo "2094"]
[BlackElo "1957"]
[PlyCount "36"]
[EventDate "2012.07.19"]
[EventType "swiss"]
[EventRounds "9"]
[EventCountry "ESP"]
[Source "lmi"]
[SourceDate "2012.07.19"]

1. e4 c5 2. Nf3 d6 3. d4 cxd4 4. Nxd4 Nf6 5. Nc3 a6 6. Bg5 e6 7. f4 Qc7 8. Qf3
b5 9. O-O-O b4 10. e5 Bb7 11. Qh3 dxe5 12. Bb5+ axb5 13. Ndxb5 Qc5 14. fxe5
bxc3 15. Rd6 Qxb5 16. Qxc3 Bxd6 17. Bxf6 gxf6 18. exd6 Nd7 0-1

[Event "5. Torneo IRT Móstoles 2012"]
[Site "Madrid ESP"]
[Date "2012.07.24"]
[Round "6.15"]
[White "Ruiz Sanchez, Roberto"]
[Black "Camarero Izquierdo, Juan Carlos"]
[Result "0-1"]
[WhiteElo "1994"]
[BlackElo "1890"]
[PlyCount "36"]
[EventDate "2012.07.19"]
[EventType "swiss"]
[EventRounds "9"]
[EventCountry "ESP"]
[Source "lmi"]
[SourceDate "2012.07.19"]

1. e4 c5 2. Nf3 d6 3. d4 cxd4 4. Nxd4 Nf6 5. Nc3 a6 6. Be2 b5 7. O-O Bb7 8. Bf3
Nbd7 9. g3 e6 10. a3 Be7 11. Qe2 O-O 12. Bg2 Rc8 13. a4 b4 14. Nb1 Nc5 15. Nd2
a5 16. Rd1 Ba6 17. Nb5 Qd7 18. f3 Nxa4 0-1

[Event "5. Torneo IRT Móstoles 2012"]
[Site "Madrid ESP"]
[Date "2012.07.25"]
[Round "7.1"]
[White "Almagro Llamas, Pablo"]
[Black "Renteria, Jorge"]
[Result "0-1"]
[WhiteElo "2465"]
[BlackElo "2326"]
[PlyCount "74"]
[EventDate "2012.07.19"]
[EventType "swiss"]
[EventRounds "9"]
[EventCountry "ESP"]
[Source "lmi"]
[SourceDate "2012.07.19"]

1. c4 Nf6 2. d4 c5 3. d5 b5 4. cxb5 a6 5. Qc2 e6 6. dxe6 fxe6 7. e4 Bb7 8. Nc3
axb5 9. Bxb5 Nxe4 10. Nxe4 Qa5+ 11. Nc3 Bxg2 12. f3 Bxh1 13. Qe4 Be7 14. Bd2
Ra6 15. a4 Rd6 16. O-O-O O-O 17. Be2 Rd4 18. Qe3 Rxa4 19. Nxa4 Qxa4 20. Nh3 Bf6
21. Kb1 Nc6 22. Rxh1 Nd4 23. Bd1 Qa6 24. Bc3 Ra8 25. Kc1 Nb3+ 26. Kc2 Bxc3 27.
Qxc3 Nd4+ 28. Kd2 Qd6 29. Ke1 Ra1 30. Nf2 Qe5+ 31. Ne4 Qf4 32. Kf2 Rxd1 33.
Rxd1 Qxh2+ 34. Ke3 Qe2+ 35. Kf4 Qxd1 36. Qxc5 Qxf3+ 37. Ke5 Nc6+ 0-1

[Event "5. Torneo IRT Móstoles 2012"]
[Site "Madrid ESP"]
[Date "2012.07.25"]
[Round "7.2"]
[White "Bolado Saez, Sergio"]
[Black "De la Fuente Gonzalez, Francisco"]
[Result "1-0"]
[WhiteElo "2386"]
[BlackElo "2184"]
[PlyCount "91"]
[EventDate "2012.07.19"]
[EventType "swiss"]
[EventRounds "9"]
[EventCountry "ESP"]
[Source "lmi"]
[SourceDate "2012.07.19"]

1. d4 d5 2. Nf3 Nf6 3. c4 c6 4. Qc2 e6 5. Bg5 Be7 6. Nbd2 Nbd7 7. e3 b6 8. Be2
Bb7 9. cxd5 cxd5 10. O-O O-O 11. Rfc1 Bd6 12. Bb5 a6 13. Bd3 h6 14. Bh4 Rc8 15.
Qb3 g5 16. Bg3 Bxg3 17. hxg3 Ne4 18. Qd1 Qe7 19. Qe2 Qb4 20. Nf1 b5 21. N3h2 f5
22. g4 Qd6 23. gxf5 exf5 24. Qh5 Kg7 25. f3 Ng3 26. Qh3 Nxf1 27. Nxf1 Qe6 28.
Rxc8 Bxc8 29. Rc1 Nb6 30. b3 Rf7 31. Re1 Qc6 32. Qg3 Re7 33. Qf2 Qc3 34. Rd1
Rf7 35. Ng3 Be6 36. f4 g4 37. Nh5+ Kh8 38. Qh4 Qc8 39. Ng3 Kg7 40. Kf2 Nd7 41.
Rh1 Qh8 42. Nh5+ Kg8 43. Rc1 Nf8 44. Rc6 Ng6 45. Qd8+ Rf8 46. Qb6 1-0

[Event "5. Torneo IRT Móstoles 2012"]
[Site "Madrid ESP"]
[Date "2012.07.25"]
[Round "7.3"]
[White "Cabañas Jimenez, Manuel"]
[Black "Vega Gomez, Francisco B"]
[Result "0-1"]
[WhiteElo "2108"]
[BlackElo "2225"]
[PlyCount "48"]
[EventDate "2012.07.19"]
[EventType "swiss"]
[EventRounds "9"]
[EventCountry "ESP"]
[Source "lmi"]
[SourceDate "2012.07.19"]

1. e4 d6 2. d4 Nf6 3. Nc3 e5 4. Nf3 Nbd7 5. dxe5 dxe5 6. Be3 Bb4 7. Bc4 O-O 8.
Nd2 Nb6 9. Qe2 Ng4 10. Bxb6 axb6 11. h3 Nf6 12. O-O c6 13. Rfd1 Qe7 14. Bb3 Be6
15. Nf1 Rfd8 16. Rxd8+ Rxd8 17. Nd1 g6 18. c3 Bc5 19. g4 h5 20. g5 Nh7 21. Bxe6
Qxe6 22. b4 Be7 23. h4 Qh3 24. f4 Qxh4 0-1

[Event "5. Torneo IRT Móstoles 2012"]
[Site "Madrid ESP"]
[Date "2012.07.25"]
[Round "7.4"]
[White "Garcia Diaz, Victor"]
[Black "Collado Barbas, Laura"]
[Result "1-0"]
[WhiteElo "2162"]
[BlackElo "2118"]
[PlyCount "107"]
[EventDate "2012.07.19"]
[EventType "swiss"]
[EventRounds "9"]
[EventCountry "ESP"]
[Source "lmi"]
[SourceDate "2012.07.19"]

1. c4 e6 2. g3 d5 3. Bg2 Nf6 4. Nf3 Be7 5. O-O O-O 6. b3 c5 7. Bb2 Nc6 8. cxd5
Nxd5 9. d4 Nb6 10. dxc5 Bxc5 11. Qc2 Qe7 12. Nbd2 Rd8 13. e3 f6 14. Ne4 Ba3 15.
Bxa3 Qxa3 16. Rfd1 Nd5 17. Nfd2 Qe7 18. a3 Bd7 19. b4 Rac8 20. Qb3 b6 21. Nc4
Be8 22. Ned6 Rxd6 23. Nxd6 Qxd6 24. e4 Bh5 25. Rd2 Qe5 26. Rc1 Nde7 27. f4 Qb8
28. Qxe6+ Bf7 29. Qg4 b5 30. Bh3 Qb6+ 31. Kh1 Qe3 32. Rcd1 Qxe4+ 33. Bg2 Qe6
34. Qf3 h6 35. Rd6 Qa2 36. Qd3 Qc4 37. Qf3 Qb3 38. Qg4 f5 39. Qe2 Qc4 40. Qf3
Kh7 41. Bf1 Qe4 42. Qxe4 fxe4 43. Bxb5 Bh5 44. Rc1 Bf3+ 45. Kg1 e3 46. Re6 Rd8
47. Rxe3 Nd4 48. Bd3+ Ng6 49. f5 Nf8 50. Rc7 Rd7 51. f6+ Kg8 52. Bc4+ Kh8 53.
Rxd7 Nxd7 54. fxg7+ 1-0

[Event "5. Torneo IRT Móstoles 2012"]
[Site "Madrid ESP"]
[Date "2012.07.25"]
[Round "7.5"]
[White "Quintero Torres, Pedro"]
[Black "Fuentes Arjona, Antonio"]
[Result "1/2-1/2"]
[WhiteElo "2051"]
[BlackElo "1999"]
[PlyCount "58"]
[EventDate "2012.07.19"]
[EventType "swiss"]
[EventRounds "9"]
[EventCountry "ESP"]
[Source "lmi"]
[SourceDate "2012.07.19"]

1. e4 e6 2. d4 a6 3. c4 b5 4. cxb5 Bb7 5. Nc3 axb5 6. Bxb5 f5 7. Bd3 Nf6 8. Bg5
Be7 9. Bxf6 Bxf6 10. Nf3 fxe4 11. Bxe4 d5 12. Bd3 O-O 13. O-O Nd7 14. Qc2 h6
15. Na4 e5 16. Nxe5 Nxe5 17. dxe5 Bxe5 18. Nc5 Bc8 19. Be2 Qd6 20. h3 Bd4 21.
Nb3 Bb6 22. Rad1 Bxh3 23. Qd3 Bf5 24. Qxd5+ Qxd5 25. Rxd5 Be6 26. Re5 Bf7 27.
Nc1 Bd4 28. Re7 Bxb2 29. Rxc7 Bxc1 1/2-1/2

[Event "5. Torneo IRT Móstoles 2012"]
[Site "Madrid ESP"]
[Date "2012.07.25"]
[Round "7.6"]
[White "Gomez Ferrer, Jesus"]
[Black "Rodriguez De Castro, Ayar"]
[Result "0-1"]
[WhiteElo "1942"]
[BlackElo "2167"]
[PlyCount "48"]
[EventDate "2012.07.19"]
[EventType "swiss"]
[EventRounds "9"]
[EventCountry "ESP"]
[Source "lmi"]
[SourceDate "2012.07.19"]

1. Nf3 d5 2. c4 e6 3. g3 Nf6 4. Bg2 dxc4 5. Qa4+ Nbd7 6. Qxc4 Be7 7. O-O O-O 8.
d4 c5 9. dxc5 Nxc5 10. Be3 b6 11. Bxc5 Bxc5 12. b4 Be7 13. Ne5 Nd5 14. Rd1 Bb7
15. Qb3 Bf6 16. Qb2 Qe7 17. a3 Rac8 18. Bxd5 exd5 19. f4 d4 20. Nd2 Bxe5 21.
fxe5 Qxe5 22. Nf3 Qe3+ 23. Kg2 Rfe8 24. Rd2 d3 0-1